Hiệu quả của Paclobutrazol và Thiourea lên sự sinh trưởng và phát triển của Lan Dendrobium SP. và Hồ Điệp (Phalaenopsis) in Vitro : Luận văn Thạc sĩ Khoa học Nông nghiệp chuyên ngành: Trồng Trọt
Nghiên cứu nhằm đánh giá hiệu quả của PBZ và Thiourea, sự phối hợp của PBZ và Thiourea lên sự sinh trưởng và phát triển của lan Dendrobium và lan Hồ điệp.
Enregistré dans:
| Auteur principal: | |
|---|---|
| Format: | Livre |
| Langue: | Undetermined |
| Publié: |
Cần Thơ
Đại học Cần Thơ
2011
|
| Sujets: | |
| Tags: |
Ajouter un tag
Pas de tags, Soyez le premier à ajouter un tag!
|
| Thư viện lưu trữ: | Trung tâm Học liệu Trường Đại học Cần Thơ |
|---|
| LEADER | 01186nam a2200217Ia 4500 | ||
|---|---|---|---|
| 001 | CTU_171608 | ||
| 008 | 210402s9999 xx 000 0 und d | ||
| 082 | |a 635.9344 | ||
| 082 | |b L105 | ||
| 088 | |a 606201 | ||
| 100 | |a Phạm, Thị Tố Lan | ||
| 245 | 0 | |a Hiệu quả của Paclobutrazol và Thiourea lên sự sinh trưởng và phát triển của Lan Dendrobium SP. và Hồ Điệp (Phalaenopsis) in Vitro : | |
| 245 | 0 | |b Luận văn Thạc sĩ Khoa học Nông nghiệp chuyên ngành: Trồng Trọt | |
| 245 | 0 | |c Phạm Thị Tố Lan ; Nguyễn Bảo Toàn (người hướng dẫn khoa học) | |
| 260 | |a Cần Thơ | ||
| 260 | |b Đại học Cần Thơ | ||
| 260 | |c 2011 | ||
| 520 | |a Nghiên cứu nhằm đánh giá hiệu quả của PBZ và Thiourea, sự phối hợp của PBZ và Thiourea lên sự sinh trưởng và phát triển của lan Dendrobium và lan Hồ điệp. | ||
| 650 | |a Floriculture,Orchids,Plants, ornamental,Nghề trồng hoa,Hoa Lan,Cây cảnh | ||
| 904 | |i Hồ Thị Cẩm,Qhieu | ||
| 980 | |a Trung tâm Học liệu Trường Đại học Cần Thơ | ||